000
00239nmm a2200085Ia 4500
008
220120s9999||||xx |||||||||||||||||und||
100
_a
EFY
245
0
_a
January 2011 : PCB design and layout tools, Eagle, free PCB,
260
_a
EFY enterprises
999
_c
139616
_d
139616